La historia interminable (Record no. 59554)

MARC details
000 -LEADER
campo de control de longitud fija 00770nam a2200229 i 4500
001 - NÚMERO DE CONTROL
campo de control 59554
003 - IDENTIFICADOR DE NÚMERO DE CONTROL
campo de control ES-MaACL
005 - FECHA Y HORA DE LA ÚLTIMA TRANSACCIÓN
campo de control 20250902063056.0
007 - CAMPO FIJO DE DESCRIPCIÓN FÍSICA--INFORMACIÓN GENERAL
campo de control de longitud fija t|
008 - DATOS DE LONGITUD FIJA--INFORMACIÓN GENERAL
campo de control de longitud fija 031029s1982 sp ||||1| spa d
100 1# - ENTRADA PRINCIPAL--NOMBRE DE PERSONA
Nombre de persona Ende, Michael,
Fechas asociadas al nombre 1929-1995
9 (RLIN) 242176
245 13 - MENCIÓN DEL TÍTULO
Título La historia interminable
Resto del título : de la A a la Z /
Mención de responsabilidad, etc. con letras y dibujos de Roswitha Quadflieg ; traducción de Miguel Sènz.
250 ## - MENCION DE EDICION
Mención de edición [4ª ed.].
260 ## - PUBLICACIÓN, DISTRIBUCIÓN, ETC.
Lugar de publicación, distribución, etc. [Madrid] :
Nombre del editor, distribuidor, etc. Alfaguara,
Fecha de publicación, distribución, etc. [1982]
300 ## - DESCRIPCIÓN FÍSICA
Extensión 419 p. :
Otras características físicas il. ;
Dimensiones 22 cm.
490 1# - MENCIÓN DE SERIE
Mención de serie Literatura Alfaguara ;
Designación de volumen o secuencia 85
700 1# - ENTRADA AGREGADA--NOMBRE PERSONAL
Nombre de persona Quadgflieg, Roswitha.
9 (RLIN) 94471
700 1# - ENTRADA AGREGADA--NOMBRE PERSONAL
Nombre de persona Sáenz, Miguel,
Fechas asociadas al nombre 1932-
9 (RLIN) 101299
830 0# - PUNTO DE ACCESO ADICIONAL DE SERIE-TÍTULO UNIFORME
Título uniforme Literatura Alfaguara ;
Designación de volumen o secuencia 85
9 (RLIN) 178100
852 ## - LOCALIZACIÓN
Ubicación ES-MaACL
Número de control de estantería L-3399
Sublocalización o colección R.104247
Holdings
Estatus retirado Estado de pérdida Estado de daño No para préstamo Biblioteca de origen Biblioteca actual Ubicación en estantería Fecha de adquisición Fuente de adquisición Total de préstamos Signatura topográfica completa Código de barras Visto por última vez Precio de reemplazo Tipo de ítem Koha
        Biblioteca del Ateneo de Madrid Biblioteca del Ateneo de Madrid Depósito 2 17/01/2008     L-3399 1062466 23/02/2023 23/02/2023 Libro impreso